Práce s lepidly a tmely /

Guardado en:
Detalles Bibliográficos
Autor principal: Osten, Miloš (Autor)
Formato: Libro
Lenguaje:checo
Publicado: Praha : SNTL, 1982
Edición:2.přepr.vyd.
Materias:
Acceso en línea:OBSAH
Etiquetas: Agregar Etiqueta
Sin Etiquetas, Sea el primero en etiquetar este registro!

MARC

LEADER 00000nam a22000003a 4500
001 stu40239
005 20150617225722.0
008 930407s1982----cs------------------cze-d
040 |a STU  |b slo 
041 0 |a cze 
044 |a cs 
080 |a 666.964 
080 |a 666.966 
100 1 |a Osten, Miloš  |4 aut 
245 1 |a Práce s lepidly a tmely /  |c [aut.]Miloš Osten 
250 |a 2.přepr.vyd. 
260 |a Praha :  |b SNTL,  |c 1982 
300 |a 283 s :  |b príl 
650 7 |a Lepidlá  |2 stusub 
650 7 |a Tmely  |2 stusub 
856 4 |a https://sweb.mtf.stuba.sk/obsahy/prace_s_lepidly_a_tmely_82.pdf  |u https://sweb.mtf.stuba.sk/obsahy/prace_s_lepidly_a_tmely_82.pdf  |3 OBSAH 
996 |b E52058  |c E*52058  |l EE05  |s P  |a 0  |w stu40239_0001 
996 |b 284M001562  |c M*7304-2  |l MMKN  |s A  |a 24  |w stu40239_0002 
996 |b 284M038840  |c M*7304-1  |l MMKN  |s A  |a 24  |w stu40239_0003 
996 |b 284M001563  |c M*7304-3  |l MMKN  |s A  |a 24  |w stu40239_0004